01656nam a2200361 a 4500001001000000003000500010005001700015008004100032010001100073011001100084040000900095090001000104100004200114245022500156260004100381500006000422502010700482590004000589590004000629590004000669650004900709650003600758650004100794650003100835700004000866856007000906901000700976942001000983942000600993999001900999952014001018952013601158000112374CHAP20220329144301.0160307s2016 mx a fsm |||||||spa d a108835 a109807 cCHAP aTesis1 aTovar Gómez, Martha Abigail913063310aEvaluación de un invernadero par la producción de fresa (Fragaria × ananassa), en el ejido la purificacion, Texcoco, Estado de México /h[En línea]cpor Martha Abigail Tovar Gómez y Micaela Vásquez García. aChapingo, Méx. :bEl autor,c2016. aPara ver el contenido del material haga clic en la liga aTesis (Lic. en Administración y Negocios) -- UACH. División de Ciencias Económico Administrativo aE5995AHEb05c20160307lUCH01h1150 aE5995AHEb05c20160307lUCH01h1150 aE5995AHEb05c20160307lUCH01h115214aCrédito agrícolaxMéxico (Edo.)92906714aCultivos en invernadero.93037614aFresaxAspectos económicos.94318914aFresaxRendimiento.9432321 aVásquez García, Micaela9130634 aFinding aiduhttp://10.13.5.2/tesis/sist112374.pdfzTeclea aquí aBK cTESIS n0 c108835d108835 00102local4053708TESISaBCbBCcPA_TESISd2016-03-07fTESISl0oTesisp33724002517801r2019-12-31 00:00:00tc.2w2019-12-31yTESIS 00104054718TESISaBCbBCd2016-03-07fTESISl0oTesisp33724002517842r2019-12-31 00:00:00w2019-12-31yTESISzRecien adquirido